| 000 | 00566nam a22002057a 4500 | ||
|---|---|---|---|
| 003 | BUBTL | ||
| 008 | 221207b ||||| |||| 00| 0 eng d | ||
| 020 | _a9780141439556 | ||
| 082 | _a823.8/ B7897w/ 1995 | ||
| 100 |
_94898 _a Bronte, Emily |
||
| 245 |
_aWuthering Heights : _bEmily Bronte |
||
| 250 | _a1st Edn. | ||
| 260 |
_aU S A _bPenguin Book _cc1995 |
||
| 300 |
_a[xiii],353p. : _b20 cm |
||
| 650 | 0 |
_91994 _aEnglish Literature |
|
| 700 |
_94892 _aEmily Bronte |
||
| 856 |
_k0 _l0 _yDownload |
||
| 942 |
_2ddc _cBK |
||
| 999 |
_c6858 _d6858 |
||